Statistics for NBA Players With Two Retired Numbers

Click here to take the quiz!

General Stats

  • This quiz has been taken 42 times
  • The average score is 4 of 6

Answer Stats

# Team # Team Answer % Correct
8Lakers24Lakers + MavericksKobe Bryant
97%
34Lakers32HeatShaquille O'Neal
86%
32Nets676ersJulius Erving
64%
14Kings1BucksOscar Robertson
64%
44Hawks7JazzPete Maravich
33%
10Wizards15KnicksEarl Monroe
14%

Score Distribution

Percentile by Number Answered

Percent of People with Each Score

Your Score History

You have not taken this quiz